| 000 | 00857nam a2200301Ia 4500 | ||
|---|---|---|---|
| 008 | |||
| 020 | _a0675028175 (hbk.) | ||
| 049 | _aMAIN | ||
| 090 | _aQC23 | ||
| 100 | 1 | _aHeimler, Charles H. | |
| 245 | 1 | 0 |
_aFocus on physical science / _cCharles H. Heimler, Jack Price. |
| 246 | 3 | 0 | _aPhysical science. |
| 260 |
_aColumbus, Ohio : _bMerrill, _cc1981. |
||
| 300 |
_ax, 530 p. : _bill. (chiefly color) ; _c24 cm. |
||
| 440 | 0 | _aMerrill science program. | |
| 500 | _aIncludes index. | ||
| 504 | _aIncludes bibliographical references. | ||
| 650 | 0 | _aPhysics. | |
| 650 | 0 | _aChemistry. | |
| 650 | 0 | _aScience. | |
| 650 | 0 | _aPhysical sciences. | |
| 700 | 1 | _aPrice, Jack. | |
| 907 |
_a.b10223812 _b17-01-07 _c16-01-07 |
||
| 003 | |||
| 005 | 20230123134320.0 | ||
| 040 | _cNUST | ||
| 942 |
_cBOOKS _kQC23 |
||
| 999 |
_c163751 _d163751 |
||